Efficiency of the financial market intermediation process in Kenya : (Record no. 1345)
[ view plain ]
| 000 -LEADER | |
|---|---|
| fixed length control field | 00868nam a22002412 4500 |
| 001 - CONTROL NUMBER | |
| control field | 0000023481 |
| 005 - DATE AND TIME OF LATEST TRANSACTION | |
| control field | 20151021151147.0 |
| 008 - FIXED-LENGTH DATA ELEMENTS--GENERAL INFORMATION | |
| fixed length control field | 130123s xx 000 0 eng d |
| 020 ## - INTERNATIONAL STANDARD BOOK NUMBER | |
| International Standard Book Number | 9966777792 : |
| 040 ## - CATALOGING SOURCE | |
| Original cataloging agency | KABU |
| Transcribing agency | KABU |
| 100 1# - MAIN ENTRY--PERSONAL NAME | |
| Personal name | Oduor, Jacob. |
| -- | 0000181344 |
| 245 10 - TITLE STATEMENT | |
| Title | Efficiency of the financial market intermediation process in Kenya : |
| Remainder of title | a comparative analysis / |
| Statement of responsibility, etc. | Jacob Oduor, Stephen Karingi, Stephen Mwaura. |
| 250 ## - EDITION STATEMENT | |
| Edition statement | 1st ed. |
| 260 ## - PUBLICATION, DISTRIBUTION, ETC. (IMPRINT) | |
| Place of publication, distribution, etc. | Nairobi : |
| Name of publisher, distributor, etc. | KIPPRA, |
| Date of publication, distribution, etc. | 2010. |
| 300 ## - PHYSICAL DESCRIPTION | |
| Extent | v, 36 p. |
| 650 #0 - SUBJECT ADDED ENTRY--TOPICAL TERM | |
| Topical term or geographic name as entry element | Financial institutions |
| Geographic subdivision | Kenya. |
| -- | 0000182896 |
| 700 1# - ADDED ENTRY--PERSONAL NAME | |
| Personal name | Karingi, Stephen. |
| -- | 0000160706 |
| 700 1# - ADDED ENTRY--PERSONAL NAME | |
| Personal name | Mwaura, Stephen. |
| -- | 0000182897 |
| 852 1# - LOCATION | |
| -- | p200 KES |
| 852 1# - LOCATION | |
| -- | p200 KES |
| 908 ## - PUT COMMAND PARAMETER (RLIN) | |
| Put command parameter | 130123 |
| 950 ## - LOCAL HOLDINGS (RLIN) | |
| -- | 1 |
| Withdrawn status | Lost status | Source of classification or shelving scheme | Not for loan | Home library | Current library | Date acquired | Total Checkouts | Full call number | Barcode | Date last seen | Price effective from | Koha item type |
|---|---|---|---|---|---|---|---|---|---|---|---|---|
| Library of Congress Classification | Kabarak, Main Campus | Kabarak, Main Campus | 17/12/2015 | HG3393 .A6O38 2010 c. 2 | 014923 | 17/12/2015 | 17/12/2015 | General Collection | ||||
| Library of Congress Classification | Kabarak, Main Campus | Kabarak, Main Campus | 17/12/2015 | HG3393 .A6O38 2010 c. 1 | 014288 | 17/12/2015 | 17/12/2015 | Africana Collection | ||||
| Library of Congress Classification | Kabarak, Nairobi City Campus | Kabarak, Nairobi City Campus | 21/10/2015 | HG3393 .A6O38 2010 c. 1 | 014295 | 21/10/2015 | 21/10/2015 | General Collection | ||||
| Library of Congress Classification | Kabarak, Nakuru City Campus | Kabarak, Nakuru City Campus | 21/10/2015 | HG3393 .A6O38 2010 c. 1 | 014291 | 21/10/2015 | 21/10/2015 | General Collection | ||||
| Library of Congress Classification | Kabarak, Nakuru City Campus | Kabarak, Nakuru City Campus | 21/10/2015 | HG3393 .A6O38 2010 c. 2 | 015783 | 21/10/2015 | 21/10/2015 | General Collection |